Švédská jízda /

Milostný román plný nečekaných přátelství a milostných vzplanutí.

Uloženo v:
Hlavní autor: Gold, Lily (Autor)
Další autoři: Milotová, Jana, 1989- (Autor)
Médium: Kniha
Jazyk:Czech
Vydáno: Praha : Ikar, 2026
Vydání:Vydání první
Témata:
Celkem bylo vypůjčeno:0x
Tagy:
Žádné tagy
LEADER 02509cam a2200469 i 4500
001 106150
003 CZ PrNK
005 20260415125704.0
007 ta
008 260212s2026 xr e 000 f cze
015 |a cnb003724477 
020 |a 9788024957708  |q (brožováno) 
040 |a ABG001  |b cze  |d OLA001  |e rda 
041 1 |a cze  |h eng 
072 7 |a 821.111-3  |x Anglická próza, anglicky psaná  |2 Konspekt  |9 25 
080 |a 821.111-31  |2 MRF 
080 |a (0:82-993)  |2 MRF 
080 |a (0:82-31)-055.2  |2 MRF 
100 1 |a Gold, Lily  |7 xx0326898  |4 aut  |9 116525 
240 1 0 |a Three Swedish mountain men.  |l Česky 
245 1 0 |a Švédská jízda /  |c Lily Gold ; přeložila Jana Milotová 
250 |a Vydání první 
264 1 |a Praha :  |b Ikar,  |c 2026 
300 |a 285 stran ;  |c 20 cm 
336 |a text  |b txt  |2 rdacontent 
337 |a bez média  |b n  |2 rdamedia 
338 |a svazek  |b nc  |2 rdacarrier 
500 |a Přeloženo z angličtiny 
520 2 |a Milostný román plný nečekaných přátelství a milostných vzplanutí.  |b Vesnice ve švédských horách zní jako ideální místo, kde se schovat před světem, jenže rozhodně nečekám, že se mi před autem zničehonic zjeví los a před umrznutím v nabouraném autě mě zachrání tři tajemní muži. Riven, rozvážný doktor se svalnatými pažemi. Eli, lyžařský instruktor s okouzlujícím úsměvem. A Cole, drsný ranger s ledově modrýma očima, kterému od první chvíle pěkně lezu na nervy. Vezmou mě do své odlehlé horské chaty, kde kvůli sněhové bouři uvízneme. Brzy mezi námi všemi přeskočí jiskra - a moji horalové se o mě moc rádi dělí. Připadá mi to až příliš dobré, než aby to byla pravda. Jenže já nejsem ta, za koho se vydávám. Jakmile zjistí, kdo skutečně jsem, budou schopni mi odpustit? Nakladatelská anotace. Kráceno. 
521 8 |a Pro čtenáře od 18 let 
655 7 |a anglické romány  |7 fd131814  |2 czenas  |9 53421 
655 7 |a erotické romány  |7 fd132211  |2 czenas  |9 53580 
655 7 |a romány pro ženy  |7 fd187897  |2 czenas  |9 115 
655 9 |a English fiction  |2 eczenas 
655 9 |a erotic novels  |2 eczenas 
655 9 |a women's novels  |2 eczenas 
700 1 |a Milotová, Jana,  |d 1989-  |7 xx0282530  |4 trl  |9 115599 
710 2 |a Ikar (nakladatelství)  |7 xx0237091  |4 pbl  |9 117123 
910 |a UOG502 
942 |2 ddc  |c KN 
999 |d 106150 
993 |0 0  |1 421180106875  |2 ddc  |4 0  |7 0  |9 99464  |b 0  |c 106875  |d 2026-04-15  |e 0  |f DOSP  |h 399.00  |i Koupě  |l DOSP  |r 2026-04-15  |t 6  |w 2026-04-15  |y KN  |z BELET  |n